Hamburger SV - Bundesliga-Rekordtorschützen (Top 50) - Statistiken

Allgemein
  • Dieses Quiz wurde 194 mal gespielt
  • Das Durchschnittsergebnis liegt bei 18 aus 50
Antwortstatistiken
Platz Name Nation Geburtstag Spiele Tore % Korrekt
1 Uwe Seeler Deutschland 05.11.1936 239 137
99%
16 Rafael van der Vaart Niederlande / Spanien 11.02.1983 152 45
85%
3 Horst Hrubesch Deutschland 17.04.1951 159 96
82%
18 Mladen Petric Kroatien / Schweiz 01.01.1981 99 38
79%
5 Sergej Barbarez Bosnien-Herzegowina / Deutschland 17.09.1971 174 66
79%
37 Heung-min Son Südkorea 08.07.1992 73 20
78%
4 Manfred Kaltz Deutschland 06.01.1953 581 76
78%
24 Ivica Olic Kroatien 14.09.1979 103 31
73%
23 Kevin Keegan England 14.02.1951 90 32
70%
20 Paolo Guerrero Peru 01.01.1984 134 37
70%
15 Felix Magath Deutschland 26.07.1953 306 46
61%
30 Mehdi Mahdavikia Iran 24.07.1977 211 26
56%
26 Anthony Yeboah Ghana 06.06.1966 100 28
51%
29 Pierre-Michel Lasogga Deutschland 15.12.1991 96 26
51%
2 Thomas von Heesen Deutschland 01.10.1961 368 99
50%
48 Bernd Dörfel Deutschland 18.12.1944 88 17
39%
9 Gert Dörfel Deutschland 18.09.1939 224 58
39%
49 Rodolfo Cardoso Argentinien 17.10.1968 111 17
38%
22 Bernardo Romeo Argentinien / Italien 10.09.1977 77 35
35%
40 Piotr Trochowski Deutschland 22.03.1984 180 20
34%
41 Hasan Salihamidzic Bosnien-Herzegowina / Deutschland 01.01.1977 72 19
33%
11 Jan Furtok Polen / Deutschland 09.03.1962 135 50
32%
39 Marcell Jansen Deutschland 04.11.1985 152 20
32%
43 Hans Jörg Butt Deutschland 28.05.1974 133 19
26%
8 Harald Spörl Deutschland 31.10.1966 321 60
26%
33 Uwe Bein Deutschland 26.09.1960 52 22
26%
10 Jimmy Hartwig Deutschland 05.10.1954 182 52
25%
28 Ditmar Jakobs Deutschland 28.08.1953 323 27
24%
17 Karsten Bäron Deutschland 24.04.1973 123 39
23%
7 Georg Volkert Deutschland 28.11.1945 214 62
22%
45 Roy Präger Deutschland 22.09.1971 83 18
21%
25 Ole Björnmose Dänemark 07.05.1944 186 31
20%
19 Peter Nogly Deutschland 14.01.1947 320 38
20%
21 Caspar Memering Deutschland 01.06.1953 303 36
19%
44 Lars Bastrup Dänemark 31.07.1955 59 18
19%
12 Willi Reimann Deutschland 24.12.1949 175 49
18%
27 Jörg Albertz Deutschland 29.01.1971 127 28
17%
13 Jürgen Milewski Deutschland 19.10.1957 130 48
17%
47 Nando Brasilien 03.07.1966 65 17
15%
32 Wolfgang Rolff Deutschland 26.12.1959 129 24
15%
6 Franz-Josef Hönig Deutschland 10.07.1942 205 62
9%
35 Hans Schulz Deutschland 04.12.1942 109 21
9%
38 Armin Eck Deutschland 08.12.1964 129 20
8%
14 Klaus Zaczyk Deutschland 25.05.1945 262 47
8%
31 Horst Bertl Deutschland 24.03.1947 114 25
7%
50 Ferdinand Keller Deutschland 30.07.1946 40 16
6%
34 Ivan Buljan Kroatien 11.12.1949 103 22
6%
46 Manfred Kastl Deutschland 23.09.1965 37 17
6%
36 Manfred Pohlschmidt Deutschland 27.08.1940 55 20
4%
42 Michael Schröder Deutschland 10.11.1959 118 19
3%
Keine übereinstimmenden Quizze gefunden
Verteilung der Resultate
Anzahl Personen mit jedem Resultat
Perzentil nach korrekt beantworteten Fragen
Ihre Resultats-Entwicklung
Sie haben dieses Quiz noch nicht gespielt